MDQL
is popping MORE tags! Check the
thread
!
Quizzes
Events
Quiz Creation
Community
Videos
Private Events
Remove Ads
Sign In
Join for FREE
Feedback
Dark Mode
Quiz Categories
Sports
Geography
Music
Movies
Television
Just For Fun
Miscellaneous
History
Literature
Language
Science
Gaming
Entertainment
Religion
Holiday
For Kids
Quiz Lab
Recent
Popular Today
Quiz Kudos Today
Editor Picks
Curator Picks
Quizzes by...
Day
Popularity
Type
Ratings
Length
Year
Community
Subscriptions
Recent Discussions
Orange Saloon
Badges
Playlists
Quests
Create
Leaderboards
Showdown
Live 5
Trivia Bingo
Activity
Puzzle Library
Sporcle Events
Private Events
Virtual Trivia
Globe League
Become a Host
Pub Owners
SporcleCon
Opinionation
Our Games
Videos
Blog
Mobile Apps
Partnerships
Remove Ads and Go Orange
Feedback
Sports
Athletes
MLB
NBA
NHL
NFL
Soccer
Sports Teams
WWE
NCAA
Football
Premier League
Basketball
Baseball
Hockey
Golf
Tennis
Cricket
Rugby
Auto Racing
Olympics
World Cup
Sports
Athletes
MLB
NBA
NHL
NFL
Soccer
Sports Teams
WWE
NCAA
Football
Premier League
Basketball
Baseball
Hockey
Golf
Tennis
Cricket
Rugby
Auto Racing
Olympics
World Cup
Random Quiz
Search Sporcle
×
Quiz Lab
Quiz Lab
Sports
Baseball
Type in answers that appear in a list
Type in answers that appear in a list
Classic
Best Score? Go Orange.
2010 MLB 2B Stats
Can you name the 2010 MLB Second Basemen?
By
hipolito7
10m
79 Questions
910 Plays
910 Plays
910 Plays
Comments
Comments
Give Quiz Kudos
Give Quiz Kudos
-
- Ratings
hide this ad
More Info
Replay
Link that replays current quiz
Next Quiz
Link to next quiz in quiz playlist
You Got
0%
They Got
Avg Score
35%
Avg Friend Score
Upgrade to see
Score Distribution
Jump to the score distribution portion of the page
Score
0/79
Timer
10:00
0
Plays Today
Team
2B
% Correct
NYY
Robinson Cano
95.5%
FLA
Dan Uggla
91.4%
CIN
Brandon Phillips
86.7%
MIL
Rickie Weeks
83.6%
PHI
Chase Utley
83.5%
TOR
Aaron Hill
82.1%
BOS
Dustin Pedroia
77%
TEX
Ian Kinsler
71%
SEA
Chone Figgins
68.6%
ARI
Kelly Johnson
67.5%
MIN
Orlando Hudson
66.9%
ATL
Martin Prado
66.6%
CHC/
LAD
Ryan Theriot
64.3%
NYM
Luis Castillo
63.2%
BAL
Brian Roberts
62.2%
SF
Freddy Sanchez
61.3%
STL/
BOS
Felipe Lopez
60.3%
LAA
Howie Kendrick
58.9%
CWS
Gordon Beckham
58.5%
TB
Ben Zobrist
57.3%
ATL
Omar Infante
54.7%
TB
Sean Rodriguez
51.3%
OAK
Mark Ellis
49.3%
COL
Clint Barmes
47.6%
CHC/
SF
Mike Fontenot
47.5%
STL
Skip Schumaker
45.8%
WAS/
TEX
Cristian Guzman
45.3%
SD
David Eckstein
43.8%
COL
Eric Young Jr.
43%
LAD/
CHC
Blake DeWitt
39.7%
SF
Juan Uribe
35.2%
WAS
Adam Kennedy
33.6%
PIT
Neil Walker
32.6%
WAS
Alberto Gonzalez
31.3%
LAA
Maicer Izturis
30.7%
HOU
Kaz Matsui
30%
KC/
LAA
Alberto Callaspo
29.7%
DET
Carlos Guillen
29.3%
PIT
Akinori Iwamura
28.4%
KC
Mike Aviles
26.5%
Team
2B
% Correct
HOU
Jeff Keppinger
25.4%
NYM
Ruben Tejada
25.1%
BOS
Bill Hall
24.5%
BOS
Jed Lowrie
24.5%
PHI
Wilson Valdez
24.4%
LAD
Ronnie Belliard
24.2%
MIN
Alexi Casilla
22.7%
DET
Scott Sizemore
22.3%
BOS
Marco Scutaro
21.9%
BAL
Ty Wigginton
20.4%
CWS
Omar Vizquel
19.9%
SD
Jerry Hairston Jr.
18.4%
BAL
Julio Lugo
18.1%
TB
Reid Brignac
17.9%
NYM/
TEX
Alex Cora
17.8%
KC
Chris Getz
17.7%
COL
Melvin Mora
16.7%
STL
Aaron Miles
15.5%
TOR
John McDonald
14.9%
CLE
Mark Grudzielanek
14.5%
CLE
Luis Valbuena
13.8%
TEX/
NYM
Joaquin Arias
13.4%
PIT/
ARI
Bobby Crosby
13.3%
CWS/
CLE
Jayson Nix
12.6%
CHC
Jeff Baker
11.1%
DET
Ryan Raburn
10.5%
DET
Ramon Santiago
10.5%
CLE
Jason Donald
10.4%
WAS
Danny Espinosa
10%
DET
Will Rhymes
9.7%
LAD
Jamey Carroll
9.6%
TEX
Andres Blanco
8.4%
COL
Jonathan Herrera
8.2%
CWS
Brent Lillibridge
5.7%
MIN
Matt Tolbert
5.2%
OAK
Adam Rosales
4.8%
BAL
Scott Moore
3.7%
ARI
Tony Abreu
3.3%
SF/
HOU
Matt Downs
2.7%
Quiz Playlist
Details
Report
Send in Message
Add To Playlist
More Info:
Minimum of 10 starts
Classic:
Type in answers that appear in a list
Quiz Source
Last Updated: Dec 12, 2018
Quiz Scoreboard
CHALLENGE
Sign Up to Join the Scoreboard
Show All
Scores
Hide
Comments
May contain spoilers
Recently Published
Colored Red Africa Blitz
by spor1
Geography
30s
Find the 'City' Movie
by crazypaving
Movies
60s
5x2 Blitz: Bands
by SL_Kpop136
Music
30s
More to Explore
Quiz From the Vault
Featured Blog Post
14 Easter Pick-up Lines to Find Eggs With
hide this ad
You Might Also Like...
Tags
Baseball Quiz
MLB Quiz
2010
basemen
second
start
team
Today's Top Quizzes in Sports
Browse Sports
hide this ad
Today's Top Quizzes in Baseball
Browse Baseball
Top Contributed Quizzes in Sports
1
Les entraîneurs de l'OM et du PSG au 21e siècle
2
Les meilleurs buteurs des matchs entre le PSG et l’OM
3
Players with Multiple 50 Home Run Seasons
4
2022 World Cup Stars
5
Les joueurs passés par le PSG et l'OM
6
NBA Logic Puzzle 2.0
7
Criteria MLB: Left Handed Sluggers
8
MLB Players with Two .350 Batting Average Seasons
9
Top 10 NHL Goal Scorers of All Time
10
Who Hit More Homers?
Explore More
Trending Topics
NBA
Anime
Marvel
Crossword
Kpop
Harry Potter
Disney
Puzzle
The Office
NFL
WWE
Country
Pokémon
Song
Soccer
hide this ad
More By:
hipolito7
Quiz
Plays
Rating
Category
Featured
Created
Mariano Rivera's Saves
42,366
4.64
Sports
Sep 20, 2011
New York Mets hitters - Wild Card Era
10,381
4.48
Sports
Oct 24, 2009
MLB Wild Card-Era Catchers (94-23)
6,631
4.45
Sports
Oct 26, 2009
MLB Wild Card-Era First Basemen (94-23)
6,300
4.17
Sports
Oct 26, 2009
MLB Wild Card-Era Shortstops (94-23)
5,291
4.38
Sports
Oct 28, 2009
Go to Creator's Profile
Score Distribution
Quiz Creator Spotlight
hipolito7
Follow
Send a Message
Quizzes Created
-
Created Quiz Play Count
-
More By This Creator
Popular Quizzes Today
1
Colored Red Africa Blitz
2
Find the 'City' Movie
3
5x2 Blitz: Bands
4
Find the US States - No Outlines Minefield
5
The Countries of the World
6
Find the US States
7
US States
8
Find the Countries of Europe - No Outlines Minefield
More Sports Quizzes
1975 European Champions - Bayern Munich
Curator's Pick
Trending Quizzes
Colored Red Europe Blitz I
Colored Red Africa Blitz II
Colored Red Europe Blitz II
Colored Red Africa Blitz III
Colored Red Europe Blitz III
Recently Updated
How Do You Spell That?
pecheneg
Godzilla Movies
pecheneg
Grab Bag: 4-10 Letters
pecheneg
2024 March Madness Bracket
pecheneg
Famous TV Couples
Peacemaker
Champions League XIs: Real Madrid
pecheneg
Largest US Cities 1790-2010
pecheneg
Rides in Walt Disney World
pecheneg
Most Oscar Losses (Acting)
pecheneg
Beyoncé Albums
pecheneg
Trending Topics
Crossword
Marvel
Kpop
NBA
Harry Potter
Disney
Anime
NFL
Country
Song
The Office
Pokémon
Puzzle
WWE
Soccer
Your Account Isn't Verified!
In order to create a playlist on Sporcle, you need to verify the email address you used during registration. Go to your
Sporcle Settings
to finish the process.
Report this User
Report this user for behavior that violates our
Community Guidelines
.
Details:
Send Report
Go to the Sporcle.com Mobile Site →
Comments